| 000 | 00636nam a2200181Ia 4500 | ||
|---|---|---|---|
| 008 | 151202s9999||||xx |||||||||||||| ||und|| | ||
| 082 | _bPNVM-46937 | ||
| 100 | _aदेऊळगावकर अतुल. | ||
| 245 | _aबखर पर्यावरणाची. | ||
| 260 | _b"मौज प्रकाशन गृह, मुंबई." | ||
| 260 | _c2006 | ||
| 300 | _a148 | ||
| 600 | _aदेऊळगावकर अतुल. | ||
| 630 | _aबखर पर्यावरणाची. | ||
| 700 | _aदेऊळगावकर अतुल. | ||
| 730 | _aबखर पर्यावरणाची. | ||
| 942 | _cBOOK | ||
| 999 |
_c1312887 _d1312884 |
||